000 01847cam a22004337a 4500
001 000087142
003 CHAP
005 20250515062729.0
008 010226d2000 mx r 00110 spa d
010 _a83615
011 _a84587
035 _a95111
040 _cCHAP
090 _aFolleto 16163
245 0 3 _aLa rentabilidad de la producción de maíz en el estado de México, 1996 /
_c/por Adrián Alarcón Belmont y Luis E. Chalita Tovar.
246 1 _aEl entorno educativo y familiar de las niñas y niños que asisten al proyecto primaria para niños migrantes en dos comunidades de Oaxaca
260 _aMontecillo, Méx. :
_bColegio de Postgraduados,
_c2000.
300 _a65 p.
490 0 _aComunicación en socioeconomía, estadística e informática
_v; 4 (3)
501 _aEnc. con : El entorno educativo y familiar de las niñas y niños que asisten al proyecto primaria para niños migrantes en dos comunidades de Oaxaca /por Cristina Rivera Avila ...[et al.]
590 _aBATCH-UPD
_b10
_c20130110
_lUCH01
_h0805
590 _aBATCH-UPD
_b10
_c20130110
_lUCH01
_h2359
590 _aBATCH-UPD
_b10
_c20130410
_lUCH01
_h0443
590 _aBATCH-UPD
_b10
_c20130913
_lUCH01
_h2342
590 _aBATCH-UPD
_b10
_c20130914
_lUCH01
_h1755
590 _aCONVERSION
_b10
_c20130109
_lUCH01
_h1346
590 _aE11695DGD
_b10
_c20150217
_lUCH01
_h1024
650 1 7 _aMaíz
_xCostos de producción
_2
_970915
650 1 4 _aMaíz
_zMéxico (Edo.).
_971099
650 1 4 _aMigración interna.
_975603
650 1 4 _aNiños en comunidades rurales.
_981373
650 1 4 _aOaxaca
_xCondiciones sociales.
_982478
700 0 _aAlarcón Belmont, Adrián.
_93345
700 0 _aRivera Avila, Cristina.
_997602
830 0 0 _aComunicación en socioeconomía, estadística e informática
_v; 4 (3)
_926216
901 _aBK
942 _cFOLL
942 _n0
999 _c83615
_d83615